[Event "Elite Hotels Open 2015"]
[Site "Elite Stadshotellet, Vaxjo"]
[Date "2015.02.15"]
[Round "8.55"]
[White "Qwarfort, Fredrik"]
[Black "Piechot, Steffen"]
[Result "1-0"]
[WhiteElo "1838"]
[BlackElo "1945"]
[EventDate "2015.02.13"]

1.d4 c5 2.Nf3 cxd4 3.Nxd4 b6 4.c4 Bb7 5.Nc3 a6 6.e4 e6 7.Be3 Qc7 8.Rc1 Nf6
9.Bd3 d6 10.O-O Nbd7 11.b3 Be7 12.Bb1 h5 13.h3 h4 14.Qd2 Nc5 15.f3 Nh5 16.
b4 Nd7 17.Nde2 Ne5 18.Na4 Nd7 19.Rfd1 Rc8 20.Bg5 Ne5 21.Bxe7 Kxe7 22.c5 
dxc5 23.bxc5 b5 24.Qd6+ Kf6 25.Nb6 Qxd6 26.Rxd6 Rc6 27.f4 Nc4 28.Nd5+ Kg6 
29.Ne7+ Kh6 30.Rxc6 Bxc6 31.Nxc6 Rc8 32.Ncd4 Rxc5 33.Bd3 Nf6 34.Bxc4 bxc4 
35.Nc3 g5 36.fxg5+ Kxg5 37.Nf3+ Kf4 38.Nxh4 Ke3 39.Nf3 Ra5 40.Kf1 Ra3 41.
Nd1+ Kxe4 42.Rxc4+ Kf5 43.g4+ Kg6 44.Ne5+ Kg5 45.Nxf7+ Kg6 46.Ne5+ Kg5 47.
Nc3 Nd5 48.Nxd5 exd5 49.Rd4 Rxh3 50.Rxd5 Kf4 51.Ra5 Re3 52.Nc4 Rc3 53.Ra4 
Kxg4 54.Ke2 Kf5 55.Kd2 Rh3 56.Kc2 Rh6 57.Kb3 Rc6 58.Rb4 Rc7 59.Rb6 Ra7 60.
Kb4 Ke4 61.Ka5 Kd5 62.Ne3+ Kd4 63.Nc2+ Kc3 64.Nb4 1-0

[Event "Elite Hotels Open 2015"]
[Site "Elite Stadshotellet, Vaxjo"]
[Date "2015.02.15"]
[Round "8.56"]
[White "Wiklund, Johan"]
[Black "Lindstrom, Andreas"]
[Result "1-0"]
[WhiteElo "1823"]
[BlackElo "1932"]
[EventDate "2015.02.13"]

1.Nf3 Nf6 2.c4 b6 3.g3 Bb7 4.Bg2 e6 5.O-O Be7 6.d4 d6 7.Nc3 Nbd7 8.Re1 Ne4
9.Qc2 f5 10.Nd2 d5 11.cxd5 exd5 12.f3 Nd6 13.e4 dxe4 14.fxe4 fxe4 15.Ndxe4
Nxe4 16.Nxe4 O-O 17.Bf4 c5 18.Qc4+ Kh8 19.Nd6 Rxf4 20.Nxb7 1-0

[Event "Elite Hotels Open 2015"]
[Site "Elite Stadshotellet, Vaxjo"]
[Date "2015.02.15"]
[Round "8.57"]
[White "Wester, Fredrik"]
[Black "Andersson, Jan 1948"]
[Result "1-0"]
[WhiteElo "1920"]
[BlackElo "1769"]
[EventDate "2015.02.13"]

1.e4 e6 2.d4 d5 3.e5 c5 4.c3 Nc6 5.g3 Qb6 6.Ne2 Bd7 7.Bh3 Rc8 8.O-O Be7 9.
a4 a5 10.Na3 cxd4 11.cxd4 f6 12.exf6 Nxf6 13.Nb5 O-O 14.Nec3 Bb4 15.Bf4 
Rce8 16.Bc7 Qa6 17.Be5 Re7 18.Re1 Bxc3 19.bxc3 Nxe5 20.dxe5 Ne4 21.Qd4 
Nxf2 22.Bf1 Bxb5 23.axb5 Qa8 24.Ra2 Ne4 25.Bd3 Ng5 26.Be2 Rc7 27.Qe3 h6 
28.h4 Ne4 29.c4 Rcf7 30.Bg4 Kh8 31.cxd5 exd5 32.e6 Rc7 33.Qb6 Qd8 34.Qxa5 
Qe7 35.b6 Rc3 36.Rg2 Rxg3 37.Rxg3 Nxg3 38.Qxd5 Qxh4 39.e7 Re8 40.Qf3 Nf5 
41.Re4 Nxe7 42.Qf7 Ra8 43.Qxe7 Ra1+ 44.Kg2 Qh1+ 45.Kg3 Rg1+ 46.Kf4 Qh2+ 
47.Kf5 Rf1+ 48.Ke6 Qa2+ 49.Kd6 Rf6+ 50.Re6 Qa3+ 51.Kc7 Qg3+ 52.Kxb7 Qxg4 
53.Rxf6 gxf6 54.Qxf6+ Kh7 55.Qd6 Qe4+ 56.Qc6 Qf5 57.Kc7 Qe5+ 58.Kc8 Qh8+ 
59.Kc7 Qe5+ 60.Qd6 Qc3+ 61.Kd7 Qh3+ 62.Qe6 Qd3+ 63.Ke8 Qb1 64.Qd7+ Kg6 65.
b7 Kg5 66.Qd8+ 1-0

[Event "Elite Hotels Open 2015"]
[Site "Elite Stadshotellet, Vaxjo"]
[Date "2015.02.15"]
[Round "8.59"]
[White "Segerfelt, Louise"]
[Black "Andersson, Thorbjorn"]
[Result "1/2-1/2"]
[WhiteElo "1753"]
[BlackElo "1903"]
[EventDate "2015.02.13"]

1.e4 e6 2.d4 d5 3.exd5 exd5 4.Bd3 c5 5.c3 cxd4 6.cxd4 Nf6 7.Nf3 Bb4+ 8.Nc3
Qe7+ 9.Qe2 Qxe2+ 10.Bxe2 Ne4 11.Bd2 Nxd2 12.Nxd2 Be6 13.O-O O-O 14.a3 Be7 
15.Bf3 Nc6 16.Nxd5 Bxd5 17.Bxd5 Nxd4 18.Nf3 Ne2+ 19.Kh1 Nf4 20.Be4 Bf6 21.
Rab1 Rab8 22.g3 Ne6 23.Rfd1 Nc5 24.Bd5 Rbe8 25.Bc4 Rd8 26.Rxd8 Rxd8 27.b3 
Ne4 28.Kg2 g5 29.Re1 Nd6 30.Bd5 Nb5 31.Bxb7 Nxa3 32.Bc6 Nc2 33.Re8+ Rxe8 
34.Bxe8 Kf8 35.Bb5 h6 36.Nd2 Bd4 37.h4 gxh4 38.gxh4 Bf6 39.h5 Nd4 40.Bc4 
Nf5 41.Kf3 Ke7 42.Ne4 Bd4 43.Kg4 Ng7 44.Ng3 Bxf2 45.Nf5+ Nxf5 46.Kxf5 Be3 
47.Bd3 f6 48.Bc4 Bg5 49.Bd3 Kd6 50.Bc4 Kc5 51.Bg8 a5 52.Bf7 Kb4 53.Bg8 a4 
54.bxa4 Kxa4 55.Bd5 Kb4 56.Bf3 Kc3 57.Bd1 Kd2 58.Bg4 Ke3 59.Bd1 Kf2 60.Bg4
Bh4 61.Bd1 Bg5 1/2-1/2

[Event "Elite Hotels Open 2015"]
[Site "Elite Stadshotellet, Vaxjo"]
[Date "2015.02.15"]
[Round "8.60"]
[White "Ottosson, Bjorn"]
[Black "Olsson, Tomas"]
[Result "1/2-1/2"]
[WhiteElo "1674"]
[BlackElo "1900"]
[EventDate "2015.02.13"]

1.c4 Nf6 2.Nc3 g6 3.Nf3 Bg7 4.d4 d6 5.e4 O-O 6.Bd3 c5 7.d5 e6 8.O-O exd5 
9.exd5 Nbd7 10.Bf4 Ne8 11.Re1 a6 12.Qd2 f6 13.h3 Ne5 1/2-1/2

[Event "Elite Hotels Open 2015"]
[Site "Elite Stadshotellet, Vaxjo"]
[Date "2015.02.15"]
[Round "8.61"]
[White "Blazekovic, Nina"]
[Black "Torngren, Gustav"]
[Result "1-0"]
[WhiteElo "1885"]
[BlackElo "1356"]
[EventDate "2015.02.13"]

1.e4 b6 2.d4 e6 3.Nc3 Bb7 4.Nf3 Ne7 5.Bd3 g6 6.e5 Bg7 7.Ne4 h6 8.Be3 Nbc6 
9.Qd2 Nf5 10.c3 Nce7 11.O-O Nd5 12.c4 Nde7 13.Qc2 O-O 14.Nf6+ Kh8 15.Nd2 
Bxf6 16.exf6 Ng8 17.Bxf5 exf5 18.d5 Kh7 19.Nf3 c6 20.Qd2 cxd5 21.cxd5 Qxf6
22.Rad1 Rac8 23.Bd4 Qd8 24.Bc3 Nf6 25.Qd4 Kg7 26.b4 d6 27.Bb2 Ba6 28.Rfe1 
g5 29.h4 Kg6 30.hxg5 hxg5 31.Qe3 Nh7 32.g4 fxg4 33.Qe4+ f5 34.Qe6+ Nf6 35.
Nd4 Qd7 36.Nc6 Qxe6 37.Rxe6 Rce8 38.Rxd6 Bb7 39.Ne5+ Kh5 40.Nc6 Ne4 41.Rd7
Bxc6 42.dxc6 Re6 43.c7 Rc6 44.Rd8 Rxc7 45.Rxf8 Rc2 46.Bd4 Rxa2 47.Rxf5 g3 
48.fxg3 Kg4 49.Rff1 Kxg3 50.Rd3+ Kg4 51.Be5 Re2 52.Rd4 Kh3 53.Rd3+ Kg4 54.
Bb8 a6 55.Bc7 b5 56.Bh2 Kh4 57.Rdf3 Kg4 58.Rd3 Kh4 59.Rd4 Kh3 60.Rf3+ Kg4 
61.Rg3+ Kf5 62.Rgd3 Re1+ 63.Kg2 Re2+ 64.Kf3 Rxh2 65.Rd5+ Ke6 66.Kxe4 Rh4+ 
67.Ke3 Rxb4 68.Rxg5 a5 69.Rd4 Rb1 70.Rdd5 Rb3+ 71.Kd2 a4 72.Rxb5 Rh3 73.
Rb6+ Kf7 74.Rf5+ Ke7 75.Re5+ Kd7 76.Re3 Rh2+ 77.Re2 Rh3 78.Kc1 Ra3 79.Kb2 
Rd3 80.Ra6 Rb3+ 81.Ka2 Rb4 82.Rb2 Rd4 83.Ka3 Rd1 84.Kxa4 Ra1+ 85.Kb5 Rh1 
86.Rd2+ Ke7 87.Kb6 Rb1+ 88.Ka7 Rc1 89.Rb2 Kd8 90.Rb7 Kc8 91.Rh7 Rb1 92.
Rc6+ Kd8 93.Rb6 Ra1+ 94.Kb7 Rd1 95.Kc6 Rc1+ 96.Kd5 Rd1+ 97.Ke4 Re1+ 98.Kf3
Rf1+ 99.Kg2 Rc1 100.Rb8+ Rc8 101.Rh8+ Kd7 102.Rbxc8 Ke7 103.Rh6 Kd7 104.
Rg8 Ke7 105.Rg7+ Kf8 106.Ra7 Kg8 107.Rb6 Kf8 108.Rb8# 1-0

[Event "Elite Hotels Open 2015"]
[Site "Elite Stadshotellet, Vaxjo"]
[Date "2015.02.15"]
[Round "8.64"]
[White "Eriksson, Lennarth"]
[Black "Johansson, Sven"]
[Result "1-0"]
[WhiteElo "2009"]
[BlackElo "1770"]
[EventDate "2015.02.13"]

1.c4 f5 2.g3 Nf6 3.Bg2 g6 4.Nc3 Bg7 5.d3 O-O 6.Nf3 d6 7.Bg5 c6 8.Qd2 e5 9.
c5 Na6 10.cxd6 Qxd6 11.O-O Nc5 12.Bh6 f4 13.Bxg7 Kxg7 14.d4 Nce4 15.Nxe4 
Nxe4 16.Qc2 Nxf2 17.dxe5 Qe7 18.Rxf2 fxg3 19.hxg3 Bg4 20.Qc3 Rf5 21.Rd1 
Bxf3 22.Rd7 1-0

[Event "Elite Hotels Open 2015"]
[Site "Elite Stadshotellet, Vaxjo"]
[Date "2015.02.15"]
[Round "8.69"]
[White "Olsson, Magnus"]
[Black "Sorensen, Hampus"]
[Result "1/2-1/2"]
[WhiteElo "1697"]
[BlackElo "1847"]
[EventDate "2015.02.13"]

1.c4 c6 2.b3 d5 3.Nf3 Nf6 4.Bb2 e6 5.d3 Nbd7 6.Nbd2 Bd6 7.g3 O-O 8.Bg2 Qe7
9.O-O Rd8 10.Rc1 e5 11.cxd5 cxd5 12.e4 d4 13.Nc4 Bb8 14.Rc2 Nb6 15.h3 Nxc4
16.Rxc4 Be6 17.Rc2 Ne8 18.Qe2 f6 19.Rfc1 Bd6 20.Kh2 Nc7 21.Nd2 b5 22.a4 a6
23.Rc6 Bd7 24.Rxc7 Bxc7 25.Rxc7 bxa4 26.bxa4 Qd6 27.Rc4 Rab8 28.Nf3 Rb7 
29.Qc2 Rdb8 30.Bc1 Kh8 31.h4 h6 32.Bh3 Bxh3 33.Kxh3 Qd7+ 34.Kg2 Kh7 
1/2-1/2

[Event "Elite Hotels Open 2015"]
[Site "Elite Stadshotellet, Vaxjo"]
[Date "2015.02.15"]
[Round "8.70"]
[White "Gajic, Bozur"]
[Black "Darnell, Anton"]
[Result "1/2-1/2"]
[WhiteElo "1690"]
[BlackElo "1842"]
[EventDate "2015.02.13"]

1.b3 e5 2.Bb2 Nc6 3.e3 Nf6 4.d3 d5 5.a3 Bd6 6.Be2 O-O 7.Nf3 h6 8.O-O Qe7 
9.Nbd2 Be6 10.c4 dxc4 11.Nxc4 Bxc4 12.dxc4 Rad8 13.Qc2 a5 14.Nh4 g6 15.g3 
Rfe8 16.Rfc1 Bc5 17.Rd1 Qe6 18.Kg2 Kh7 19.Rxd8 Rxd8 20.Rd1 Rxd1 21.Bxd1 
Qd6 22.Qc1 b6 23.h3 Ne4 24.Nf3 Qe6 25.Qc2 Nd6 26.Qd3 Ne7 27.e4 f6 28.Ne1 
Nf7 29.g4 g5 30.Nc2 Ng6 31.Bc1 Qe7 32.Qd5 Nd8 33.Kg3 c6 34.Qd2 Ne6 35.b4 
axb4 36.axb4 Bd4 37.Ne3 Bxe3 38.fxe3 Qc7 39.Bb3 Ngf8 40.Qf2 Kg7 41.Qd2 Kf7
42.c5 b5 43.h4 Ke8 44.h5 Qd7 45.Qf2 Qe7 46.Qf5 Kd7 47.Kf2 Kd8 48.Ke2 Ng7 
49.Qf1 Nge6 50.Qd1+ Qd7 51.Qc2 Kc8 52.Qa2 Nc7 53.Kf3 Nfe6 54.Kg3 Kd8 55.
Qf2 Qe7 56.Qf5 Nf8 57.Qf2 Nfe6 58.Qa2 Qd7 59.Qa5 Kc8 60.Qb6 Qe8 61.Qa7 Qd7
62.Qa2 Kd8 63.Bb2 Qd3 64.Bxe6 Nxe6 65.Qa8+ Kd7 66.Qa7+ 1/2-1/2

[Event "Elite Hotels Open 2015"]
[Site "Elite Stadshotellet, Vaxjo"]
[Date "2015.02.15"]
[Round "8.71"]
[White "Persson, Borje"]
[Black "Valle, Lorenzo"]
[Result "1-0"]
[WhiteElo "1833"]
[BlackElo "1585"]
[EventDate "2015.02.13"]

1.e4 d6 2.d4 Nf6 3.Nc3 g6 4.f4 Bg7 5.Nf3 O-O 6.Bd3 Na6 7.O-O c5 8.d5 e6 9.
dxe6 Bxe6 10.f5 gxf5 11.exf5 Bd5 12.Nxd5 Nxd5 13.Bxa6 1-0

[Event "Elite Hotels Open 2015"]
[Site "Elite Stadshotellet, Vaxjo"]
[Date "2015.02.15"]
[Round "8.72"]
[White "Troberg Eskola, Love"]
[Black "Nilsson, Kristoffer"]
[Result "1/2-1/2"]
[WhiteElo "1614"]
[BlackElo "1822"]
[EventDate "2015.02.13"]

1.e4 c6 2.Nc3 d5 3.Nf3 e6 4.d4 Bb4 5.e5 b6 6.Bd3 Ba6 7.O-O Ne7 8.Ne2 Bxd3 
9.Qxd3 Nf5 10.Ng3 g6 11.Bg5 Be7 12.Bxe7 Qxe7 13.c4 O-O 14.Rac1 Na6 15.cxd5
Nb4 16.Nxf5 gxf5 17.Qe2 Nxd5 18.Rxc6 1/2-1/2

[Event "Elite Hotels Open 2015"]
[Site "Elite Stadshotellet, Vaxjo"]
[Date "2015.02.15"]
[Round "8.73"]
[White "Nilsson, Robin 1994"]
[Black "Karlsson, Bengt-Ake"]
[Result "1-0"]
[WhiteElo "1812"]
[BlackElo "1566"]
[EventDate "2015.02.13"]

1.e4 e5 2.Nf3 Nc6 3.Bb5 a6 4.Ba4 Nf6 5.O-O Be7 6.Re1 b5 7.Bb3 O-O 8.c3 d5 
9.exd5 e4 10.Ng5 Bg4 11.Qc2 Nxd5 12.Nxe4 Re8 13.Ng3 Bg5 14.Rxe8+ Qxe8 15.
Qe4 Nf6 16.Qxe8+ Rxe8 17.Kf1 Bf4 18.f3 Bxg3 19.hxg3 Bf5 20.Kf2 Ne5 21.g4 
Bxb1 22.Rxb1 Nd3+ 23.Kg3 Re1 24.Bc2 Rxc1 25.Bxd3 Rxb1 26.Bxb1 Kf8 27.Be4 
Ke7 28.b4 Nxe4+ 29.fxe4 g5 30.Kf3 Ke6 31.Ke3 Ke5 32.g3 c6 33.a3 f6 34.Kd3 
Ke6 35.c4 Ke5 36.cxb5 axb5 37.Ke3 Ke6 38.d4 Kd6 39.Kd3 h6 40.Kc3 Kc7 41.e5
Kd7 42.exf6 Ke6 43.d5+ cxd5 44.Kd4 Kxf6 45.Kxd5 Kg6 46.Kc5 h5 47.gxh5+ 
Kxh5 48.Kxb5 1-0

[Event "Elite Hotels Open 2015"]
[Site "Elite Stadshotellet, Vaxjo"]
[Date "2015.02.15"]
[Round "8.74"]
[White "Szumniak, Jedrzej"]
[Black "Fransson, Stefan"]
[Result "1/2-1/2"]
[WhiteElo "1675"]
[BlackElo "1875"]
[EventDate "2015.02.13"]

1.d4 d5 2.c4 e6 3.Nc3 c6 4.Nf3 dxc4 5.a4 Bb4 6.e4 b5 7.axb5 cxb5 8.Bd2 
Bxc3 9.Bxc3 Nf6 10.Ba5 Qd7 11.Ne5 Qb7 12.f3 O-O 13.b3 cxb3 14.Qxb3 a6 15.
Rc1 Ne8 16.Bb4 f6 17.Bxf8 Kxf8 18.Nd3 Nc6 19.Nc5 Qe7 20.d5 Nd4 21.Qe3 e5 
22.f4 Nd6 23.fxe5 fxe5 24.Be2 Nxe2 25.Qxe2 Nc4 26.O-O+ Kg8 27.Nd3 a5 28.
Qf2 a4 29.Rxc4 bxc4 30.Nxe5 Qa7 31.d6 Qxf2+ 32.Kxf2 Be6 33.Ra1 a3 34.d7 
Rd8 35.Rxa3 Bxd7 36.Nxd7 Rxd7 37.Rc3 Rc7 38.Ke3 Kf7 39.Rc2 Ke6 40.Kd4 Rd7+
1/2-1/2

[Event "Elite Hotels Open 2015"]
[Site "Elite Stadshotellet, Vaxjo"]
[Date "2015.02.15"]
[Round "8.75"]
[White "Svensson, Bengt 1957"]
[Black "Rudolph, Justus"]
[Result "1/2-1/2"]
[WhiteElo "1903"]
[BlackElo "1760"]
[EventDate "2015.02.13"]

1.e4 e5 2.Nc3 Nc6 3.Bc4 Bc5 4.Qg4 Qf6 5.Nd5 Qxf2+ 6.Kd1 g6 7.Nxc7+ Kd8 8.
Nxa8 d5 9.Qf3 dxc4 10.h3 Nf6 11.Qxf2 Bxf2 12.d3 h6 13.Nf3 Be6 14.Rf1 Bg3 
15.Be3 Kd7 16.Nd2 Nh5 17.Nxc4 Rxa8 18.Bxh6 Nf4 19.Nxe5+ Nxe5 20.Bxf4 Bxf4 
21.Rxf4 Ke7 22.Ke2 Rd8 23.b3 Rc8 24.c4 Nc6 25.Ke3 Rd8 26.Rd1 Nd4 27.Rd2 a6
28.g4 g5 29.Rf1 Bc8 30.Rc1 Ke6 31.c5 Ke5 32.Rc4 f6 33.Rb4 Rd7 34.Rh2 Rd8 
35.Rb6 Nc6 36.b4 Rh8 37.a4 Rh7 38.b5 axb5 39.axb5 Nd4 40.Rd6 Nxb5 41.d4+ 
Nxd4 42.Rxd4 Bxg4 43.Rb4 Be6 44.Kf2 Rc7 45.Ke3 1/2-1/2

[Event "Elite Hotels Open 2015"]
[Site "Elite Stadshotellet, Vaxjo"]
[Date "2015.02.15"]
[Round "8.76"]
[White "Westerlund, Ola"]
[Black "Mellbin, Bo-Goran"]
[Result "1-0"]
[WhiteElo "1875"]
[BlackElo "1664"]
[EventDate "2015.02.13"]

1.d4 Nf6 2.c4 e6 3.Nf3 d5 4.g3 Nbd7 5.Bg2 b6 6.cxd5 exd5 7.O-O Bd6 8.Nc3 
O-O 9.Qc2 Bb7 10.Nb5 Ne4 11.Nxd6 Nxd6 12.Bg5 Nf6 13.Rac1 Rc8 14.Bh3 Nde4 
15.Bxc8 Bxc8 16.Qxc7 Qe8 17.Bxf6 Nxf6 18.Ne5 Bh3 19.Rfe1 Qe6 20.Qc3 Ne4 
21.Qe3 f6 22.Nd3 Qd7 23.Nf4 Bf5 24.f3 Ng5 25.Qb3 Nh3+ 26.Nxh3 Bxh3 27.Qe3 
g5 28.Qd2 h5 29.Rc3 Qe6 30.Rec1 Re8 31.Kf2 h4 32.Re3 hxg3+ 33.hxg3 Qd7 34.
Rxe8+ Qxe8 35.Qc2 g4 36.Qc8 Qxc8 37.Rxc8+ Kf7 38.f4 1-0

[Event "Elite Hotels Open 2015"]
[Site "Elite Stadshotellet, Vaxjo"]
[Date "2015.02.15"]
[Round "8.78"]
[White "Anderson, Bertram"]
[Black "Jansson, Bert"]
[Result "1/2-1/2"]
[WhiteElo "1789"]
[BlackElo "1539"]
[EventDate "2015.02.13"]

1.e4 d5 2.d4 dxe4 3.Nc3 Nf6 4.Bg5 Bf5 5.f3 c6 6.Bc4 e3 7.g4 Be6 8.Bxe6 
fxe6 9.Bxe3 Nbd7 10.Qd3 Nb6 11.Nge2 Qd7 12.O-O-O g6 13.Nf4 O-O-O 14.Rhe1 
Nfd5 15.Qe4 Nxf4 16.Bxf4 Nd5 17.Qe5 Qd6 18.Qxh8 Qxf4+ 19.Kb1 Nf6 20.g5 Bh6
21.Qxd8+ Kxd8 22.gxh6 Kd7 23.Re5 Ne8 24.Ne4 b6 25.Ng5 Nc7 26.Rde1 Nd5 27.
Nxe6 Qxh6 28.Ng5 b5 29.Ne4 Qxh2 30.a3 a5 31.b3 Qg2 32.c4 Nb6 33.cxb5 cxb5 
34.Rxb5 Nc8 35.Rb7+ Kd8 36.Rc1 Qxf3 1/2-1/2

[Event "Elite Hotels Open 2015"]
[Site "Elite Stadshotellet, Vaxjo"]
[Date "2015.02.15"]
[Round "8.80"]
[White "Lundstrom, Johanna"]
[Black "Berg, Maria"]
[Result "1-0"]
[WhiteElo "1708"]
[BlackElo "1763"]
[EventDate "2015.02.13"]

1.e4 e5 2.Nf3 Nc6 3.Bc4 Bc5 4.c3 Nf6 5.d3 h6 6.O-O O-O 7.d4 Bd6 8.Nbd2 a6 
9.dxe5 Bxe5 10.Nxe5 Nxe5 11.Bb3 d6 12.f4 Bg4 13.Qe1 Nd3 14.Qe3 Nxc1 15.
Raxc1 Bd7 16.Bc2 Qe7 17.Qd3 g6 18.Rce1 Rae8 19.h3 d5 20.Qd4 Bb5 21.Rf3 c5 
22.Qf2 dxe4 23.Nxe4 Nxe4 24.Rxe4 Qd6 25.Rfe3 Rxe4 26.Rxe4 Rd8 27.c4 Bc6 
28.Re5 Qd2 29.Re2 Qc1+ 30.Kh2 Rd4 31.f5 Rf4 32.Qg3 Rf1 33.Qb8+ Kg7 34.Qe5+
Kg8 35.fxg6 Qf4+ 36.Qxf4 Rxf4 37.gxf7+ Kxf7 38.b3 Rf1 39.Kg3 Ra1 40.Bf5 
Kf6 41.Bg4 a5 42.Bf3 Bxf3 43.Kxf3 a4 44.Ke4 axb3 45.axb3 Rd1 46.Re3 Rd4+ 
47.Kf3 Rd1 48.Kg4 Rd2 49.g3 Rh2 50.Rd3 Ke6 51.h4 Rf2 52.Re3+ Kf6 53.Rf3+ 
Rxf3 54.Kxf3 h5 55.g4 hxg4+ 56.Kxg4 Kg6 57.h5+ Kh6 58.Kh4 Kh7 59.Kg5 Kg7 
60.h6+ Kh7 61.Kh5 Kg8 62.Kg6 Kh8 63.h7 b5 64.cxb5 c4 65.b6 1-0

[Event "Elite Hotels Open 2015"]
[Site "Elite Stadshotellet, Vaxjo"]
[Date "2015.02.15"]
[Round "8.83"]
[White "Arnell, Staffan"]
[Black "Kasselstrand, Erik"]
[Result "1/2-1/2"]
[WhiteElo "1551"]
[BlackElo "1685"]
[EventDate "2015.02.13"]

1.e4 c5 2.Nc3 e6 3.f4 Nc6 4.Nf3 d5 5.Bb5 Be7 6.Bxc6+ bxc6 7.d3 Nf6 8.O-O 
O-O 9.Qe1 Ba6 10.b3 c4 11.e5 Nd7 12.dxc4 dxc4 13.Ne2 Qb6+ 14.Kh1 cxb3 15.
axb3 Rfd8 16.c4 Bb7 17.Rb1 a5 18.Bd2 h6 19.Nc3 Qc7 20.Na4 Nc5 21.Nxc5 Bxc5
22.Be3 Qb6 23.Bxc5 Qxc5 24.Qc3 Qb4 25.Qc2 c5 26.Rfd1 Bxf3 27.gxf3 g6 28.
Rxd8+ Rxd8 29.Rd1 Rb8 30.Rd3 Qe1+ 31.Kg2 Kg7 32.Qc3 Qxc3 33.Rxc3 Rd8 34.h4
Rd4 35.Kg3 f6 36.Re3 f5 37.Rc3 Rd1 38.Rc2 Rd7 1/2-1/2

[Event "Elite Hotels Open 2015"]
[Site "Elite Stadshotellet, Vaxjo"]
[Date "2015.02.15"]
[Round "8.85"]
[White "Ohlsson, Mikael"]
[Black "Fransson, Pia"]
[Result "1-0"]
[WhiteElo "1832"]
[BlackElo "1510"]
[EventDate "2015.02.13"]

1.c4 g6 2.Nc3 Bg7 3.b4 Nf6 4.Qb3 O-O 5.g3 d5 6.cxd5 Nxd5 7.Bg2 Nxc3 8.dxc3
Be6 9.Qc2 Bd5 10.e4 Bc4 11.Bb2 Nc6 12.Rd1 Qc8 13.Bh3 Be6 14.Bxe6 Qxe6 15.
a3 f5 16.Nf3 Rad8 17.O-O fxe4 18.Ng5 Qf5 19.Nxe4 Ne5 20.Rxd8 Rxd8 21.Qe2 
Qe6 22.Re1 Nd3 23.Rd1 Qb3 24.Nc5 Qa2 25.Nxd3 Bxc3 26.Qxe7 Rxd3 27.Qe8+ Kg7
28.Bxc3+ Kh6 29.Bd2+ Rxd2 30.Qe3+ 1-0

[Event "Elite Hotels Open 2015"]
[Site "Elite Stadshotellet, Vaxjo"]
[Date "2015.02.15"]
[Round "8.86"]
[White "Orci, Istvan"]
[Black "Ekberg, Karl"]
[Result "0-1"]
[WhiteElo "1603"]
[BlackElo "1573"]
[EventDate "2015.02.13"]

1.d4 Nf6 2.Nf3 g6 3.e3 Bg7 4.Bd3 O-O 5.Nbd2 d5 6.O-O Nbd7 7.c3 c5 8.Re1 b6
9.e4 dxe4 10.Nxe4 cxd4 11.Nxd4 Bb7 12.Ng3 Nc5 13.Bc2 Qc7 14.Be3 Rfd8 15.
Qc1 e5 16.Nb3 Nd3 17.Bxd3 Rxd3 18.Qc2 Rad8 19.Rad1 Rxd1 20.Rxd1 Rxd1+ 21.
Qxd1 Qd7 22.Qxd7 Nxd7 23.f3 f5 24.Ne2 Kf7 25.f4 e4 26.Ned4 a6 27.Nd2 Ke7 
28.N4b3 Bd5 29.Kf2 Kd6 30.Ke2 Nc5 31.Nxc5 bxc5 32.Nb3 Bxb3 33.axb3 Kc6 34.
Kd2 a5 35.Kc2 Kb5 36.g3 Bf6 37.Kd2 c4 38.bxc4+ Kxc4 39.Kc2 a4 40.h3 Be7 
41.Bf2 h6 42.h4 Bc5 43.Bxc5 Kxc5 44.b4+ Kc4 0-1